Patrimonio cultural inmaterial de España - Estadísticas

Estadísticas generales
  • Esta prueba ha sido intentada 70 veces
  • La puntuación promedio es 4 de 21
Estadísticas de respuestas
Comunidad Autónoma Nombre % Correcto
Nacional El flamenco
72%
Comunidad Valenciana Las Fallas
62%
Nacional (compartido con Francia y Andorra) Fiestas del fuego del solsticio de verano en los Pirineos
41%
Andalucía La fiesta de los patios de Córdoba
26%
Canarias El Silbo Gomero
16%
Murcia Los Caballos del Vino
16%
Comunidad Valenciana/Murcia Tribunal de regantes del Mediterráneo:-Consejo de Hombres Buenos de la Huerta de Murcia -Tribunal de las Aguas de la Huerta de Valencia
16%
Cataluña Los "castells"
15%
Comunidad Valenciana El Misterio de Elche
13%
Nacional(compartido con 7 países) La dieta mediterránea
13%
Cataluña La Patum de Berga
10%
Nacional (compartido con 7 países) Conocimientos y técnicas del arte de construir muros en piedra seca
8%
Nacional (compartido con 19 países) La cetrería
8%
Nacional Las tamboradas, repiques rituales de tambores
8%
Nacional (compartido con 5 países) Conocimientos, artesanía y habilidades de la producción artesanal de vidrio soplado
7%
Nacional El toque manual de campanas
7%
Nacional (compartido con 9 países) Trashumancia, el arreo estacional del ganado
7%
Baleares El Canto de la Sibila de Mallorca
5%
Comunidad Valenciana La fiesta de «la Mare de Déu de la Salut» de Algemesí
5%
Cataluña, Aragón, Castilla-La Mancha, Navarra y Comunidad Valenciana(compartido con 5 países) La maderada
3%
Castilla-La Mancha(compartido con México) Procesos artesanales para la elaboración de la Talavera de Puebla y Tlaxcala (México) y de la cerámica de Talavera de la Reina y El Puente del Arzobispo (España)
3%
No se encontraron pruebas coincidentes
Distribución de puntuación
Porcentaje de gente con cada puntuación
Porcentaje por número respondido
Historial de tus puntuaciones
No has intentado esta prueba.